Who scored the 1st goal in these football World Cup Finals? - Statistics

General Stats
  • This quiz has been taken 32 times
  • The average score is 8 of 12
Answer Stats
Hint Answer % Correct
2002 Ronaldo
94%
2006 Zidane
94%
1998 Zidane
94%
2014 Gotze
91%
2010 Iniesta
88%
1970 Pele
75%
1978 Kempes
50%
2018 (nb own goal) Mandžukić
50%
1990 Brehme
47%
1982 Rossi
47%
1974 Neeskens
31%
1986 Brown
16%
No matching quizzes found
Score Distribution
Percent of People with Each Score
Percentile by Number Answered
Your Score History
You have not taken this quiz